00534nas a2200241 4500000000100000008004100001260000900042653001600051653001200067653001400079653001100093653001200104653002000116653001300136653001900149100001500168700001300183700001300196245005200209300001000261490000700271022001400278 1975 d c197510aAcetylation10aDapsone10aHalf-Life10aHumans10aleprosy10aProtein Binding10aRifampin10aSulfamethazine1 aGelber R H1 aGool H C1 aRees R J00aThe effect of rifampicin on dapsone metabolism. a330-40 v18 a0083-8969